{"text_format":"3","workbook":"xlsx","n_sheets":1,"sheets":["电气"],"not_rendered":{"defined_names":1},"read":"whole","date_system":"1900"}

{"sheet":"电气","index":0,"n_rows":213,"n_cols":12,"rows_kept":213,"merged":[[0,0,0,11],[212,5,212,6],[212,9,212,10]]}
["2021年临江公司三固项目电气普通备品备件采购清单"]
["序号","类别","名称","配件品牌/设备厂家","型号","单位","数量","单价","金额","最高限价","限额","备注"]
[1,"废气","微型断路器","梅兰日兰/ABB/施耐德/西门子","1P C2","个",6,null,null,30,{"$f":"G3*J3","v":180}]
[2,"废气","微型断路器","梅兰日兰/ABB/施耐德/西门子","1P C6","个",6,null,null,30,180]
[3,"物化","AX三极交流接触器","ABB/施耐德/西门子","AX40-30-10 36*190V-50HZ/220","台",5,null,null,240,1200]
[4,"物化","CP1复位平钮","ABB/施耐德/西门子","CP1-10G-10","个",20,null,null,36,720]
[5,"物化","CP2复位平钮","ABB/施耐德/西门子","CP1-10R-11","个",20,null,null,36,720]
[6,"物化","中间继电器","ABB/施耐德/西门子","CR-MX220-2 AC220V","盒",5,null,null,180,900]
[7,"公用","微型断路器","ABB/施耐德/西门子","SH200 1P 10A","个",12,null,null,120,1440,"高压柜 "]
[8,"公用","微型断路器","ABB/施耐德/西门子","SH200 1P 16A","个",12,null,null,120,1440,"高压柜 "]
[9,"公用","微型断路器","ABB/施耐德/西门子","SH200 1P 6A","个",12,null,null,120,1440,"高压柜 "]
[10,"公用","微型断路器","ABB/施耐德/西门子","SH200 2P 10A","个",12,null,null,240,2880,"高压柜 "]
[11,"公用","微型断路器","ABB/施耐德/西门子","SH200 2P 16A","个",12,null,null,240,2880,"高压柜 "]
[12,"公用","微型断路器","ABB/施耐德/西门子","SH200 2P 6A","个",12,null,null,480,5760,"高压柜 "]
[13,"物化","热继电器","ABB/施耐德/西门子","TA42DU-11M","台",5,null,null,180,900,"TA系列  "]
[14,"物化","热继电器","ABB/施耐德/西门子","TA42DU-19M","台",5,null,null,180,900,"TA系列  "]
[15,"物化","热继电器","ABB/施耐德/西门子","TA42DU-32M","台",5,null,null,180,900,"TA系列  "]
[16,"物化","热继电器","ABB/施耐德/西门子","TA42DU-6.5M","台",5,null,null,180,900,"TA系列  "]
[17,"物化","热继电器","ABB/施耐德/西门子","TA42DU-8.5M","台",5,null,null,180,900,"TA系列  "]
[18,"焚烧","中间继电器","施耐德/ABB/西门子"," RXM4","个",10,null,null,60,{"$f":"G20*J20","v":600}]
[19,"废气","中间继电器","施耐德/ABB/西门子","2NO/2NC 230V 8脚带底座","个",20,null,null,24,480]
[20,"废气","中间继电器","施耐德/ABB/西门子","2NO/2NC 24V 8脚带底座","个",20,null,null,24,480]
[21,"物化","微型断路器","施耐德/ABB/西门子","C10 2P","个",12,null,null,90,1080]
[22,"物化","微型断路器","施耐德/ABB/西门子","C6 3P","个",8,null,null,180,1440]
[23,"焚烧","断路器","施耐德/ABB/西门子","C65H-DC C10A 1P","个",12,null,null,84,1008]
[24,"焚烧","指示灯","施耐德/ABB/西门子","CL2-523G AC220V 绿色","个",10,null,null,24,240]
[25,"焚烧","指示灯","施耐德/ABB/西门子","CL2-523Y AC220V 黄色","个",10,null,null,24,240]
[26,"物化","微型断路器","施耐德/ABB/西门子","D6 3P","个",8,null,null,216,1728]
[27,"医废","电机断路器","施耐德/ABB/西门子","GV2-ME06C","个",10,null,null,240,2400]
[28,"废气","接触器","施耐德/ABB/西门子","GV2-ME06C/1-1.6A","个",5,null,null,300,1500]
[29,"医废","接触器","施耐德/ABB/西门子","GV2-ME07C/1.6-2.5A","个",5,null,null,180,900]
[30,"医废","接触器","施耐德/ABB/西门子","GV2-ME08C/2.5-4A","个",5,null,null,180,900]
[31,"医废","接触器","施耐德/ABB/西门子","GV2-ME14C/6-10A","个",5,null,null,180,900]
[32,"废气","接触器","施耐德/ABB/西门子","GV2-ME16C/9-14A","个",5,null,null,324,1620]
[33,"废气","接触器","施耐德/ABB/西门子","GV2-ME22C/20-25A","个",5,null,null,420,2100]
[34,"焚烧","旋钮式断路器","施耐德/ABB/西门子","GV2-P07/1.6-2.5A","个",5,null,null,360,1800]
[35,"焚烧","旋钮式断路器","施耐德/ABB/西门子","GV2-P08/2.5-4A","个",5,null,null,360,1800]
[36,"焚烧","旋钮式断路器","施耐德/ABB/西门子","GV2-P10/4-6.3A","个",5,null,null,360,1800]
[37,"焚烧","旋钮式断路器","施耐德/ABB/西门子","GV2-P20/13-18A","个",5,null,null,360,1800]
[38,"焚烧","旋钮式断路器","施耐德/ABB/西门子","GV2-PM32C/24-32A","个",5,null,null,360,1800]
[39,"公用","辅助接头","施耐德/ABB/西门子","GVAE11","个",10,null,null,60,600]
[40,"焚烧","断路器","施耐德/ABB/西门子","iC65N C4A/1P","个",12,null,null,66,792]
[41,"焚烧","漏电保护器","施耐德/ABB/西门子","IC65N C6A 2P Vigi IC65 ELE 2P","套",5,null,null,300,1500]
[42,"焚烧","断路器","施耐德/ABB/西门子","iC65N-C6A/1P","个",12,null,null,60,720]
[43,"焚烧","断路器","施耐德/ABB/西门子","iC65N-C6A/2P","个",6,null,null,120,720]
[44,"废水","断路器","施耐德/ABB/西门子","iC65N-C10A/1P","个",24,null,null,60,1440]
[45,"焚烧","断路器","施耐德/ABB/西门子","iC65N-C10A/2P","个",36,null,null,120,4320]
[46,"焚烧","断路器","施耐德/ABB/西门子","iC65N-C16A/1P","个",36,null,null,60,2160]
[47,"焚烧","断路器","施耐德/ABB/西门子","iC65N-C16A/2P","个",36,null,null,120,4320]
[48,"焚烧","断路器","施耐德/ABB/西门子","iC65N-C16A/3P","个",25,null,null,240,6000]
[49,"焚烧","断路器","施耐德/ABB/西门子","iC65N-C20A/2P","个",36,null,null,120,4320]
[50,"焚烧","断路器","施耐德/ABB/西门子","iC65N-C20A/3P","个",25,null,null,264,6600]
[51,"焚烧","断路器","施耐德/ABB/西门子","iC65N-C25A/1P","个",36,null,null,60,2160]
[52,"焚烧","断路器","施耐德/ABB/西门子","iC65N-C25A/2P","个",36,null,null,120,4320]
[53,"焚烧","断路器","施耐德/ABB/西门子","iC65N-C25A/3P","个",25,null,null,264,6600]
[54,"焚烧","断路器","施耐德/ABB/西门子","iC65N-C32A/1P","个",36,null,null,120,4320]
[55,"焚烧","断路器","施耐德/ABB/西门子","iC65N-C32A/2P","个",36,null,null,144,5184]
[56,"焚烧","断路器","施耐德/ABB/西门子","iC65N-C32A/3P","个",25,null,null,276,6900]
[57,"焚烧","断路器","施耐德/ABB/西门子","iC65N-C40A/2P","个",25,null,null,156,3900]
[58,"焚烧","断路器","施耐德/ABB/西门子","iC65N-C40A/3P","个",25,null,null,276,6900]
[59,"焚烧","辅助触头","施耐德/ABB/西门子","LADN11","盒",5,null,null,36,180]
[60,"废气","辅助触头","施耐德/ABB/西门子","LADN11C","个",10,null,null,30,300]
[61,"公用","接触器","施耐德/ABB/西门子","LADN22","个",5,null,null,24,120]
[62,"公用","辅助触头","施耐德/ABB/西门子","LADN31","个",10,null,null,30,300]
[63,"焚烧","接触器延时触头","施耐德/ABB/西门子","LADT2","只",5,null,null,48,240]
[64,"物化","辅助触点","施耐德/ABB/西门子","LANN31","个",10,null,null,18,180]
[65,"公用","接触器","施耐德/ABB/西门子","LC1D09 220VAC","只",14,null,null,144,2016]
[66,"医废","接触器","施耐德/ABB/西门子","LC1D09 BD 24V DV","个",5,null,null,180,900]
[67,"废水","接触器","施耐德/ABB/西门子","LC1D09M7C 9A.AC220.1NO+1NC","个",5,null,null,120,600]
[68,"公用","接触器","施耐德/ABB/西门子","LC1D115","个",10,null,null,660,6600]
[69,"焚烧","接触器","施耐德/ABB/西门子","LC1D12","只",5,null,null,120,600]
[70,"焚烧","接触器","施耐德/ABB/西门子","LC1D18 220VAC","个",15,null,null,120,1800]
[71,"医废","接触器","施耐德/ABB/西门子","LC1D18 BD 24V DV","个",5,null,null,264,{"$f":"G73*J73","v":1320}]
[72,"废水","接触器","施耐德/ABB/西门子","LC1D18M7C 18A.AC220.1NO+1NC","个",5,null,null,120,600]
[73,"焚烧","接触器","施耐德/ABB/西门子","LC1D25","只",5,null,null,120,600]
[74,"废水","接触器","施耐德/ABB/西门子","LC1D25M7C 25A.AC220.1NO+1NC","个",5,null,null,120,600]
[75,"废气","接触器","施耐德/ABB/西门子","LC1D32","个",5,null,null,156,780]
[76,"公用","接触器","施耐德/ABB/西门子","LC1D32C","个",10,null,null,114,1140]
[77,"废水","接触器","施耐德/ABB/西门子","LC1D38M7C 38A.AC220.1NO+1NC","个",5,null,null,120,600]
[78,"焚烧","接触器","施耐德/ABB/西门子","LC1D50","只",5,null,null,120,600]
[79,"废水","接触器","施耐德/ABB/西门子","LC1D50M7C 50A.AC220.1NO+1NC","个",5,null,null,120,600]
[80,"焚烧","接触器","施耐德/ABB/西门子","LC1D80","只",5,null,null,120,600]
[81,"焚烧","接触器","施耐德/ABB/西门子","LC1D95","只",5,null,null,120,600]
[82,"医废","直流接触器","施耐德/ABB/西门子","LP1-K0910BD3","个",5,null,null,192,960]
[83,"医废","可逆接触器","施耐德/ABB/西门子","LP2-K0901BD3","个",5,null,null,516,2580]
[84,"焚烧","热继电器","施耐德/ABB/西门子","LR97D 25","个",5,null,null,96,480]
[85,"公用","热过载保护器","施耐德/ABB/西门子","LRD08C 2.5-4A 导轨式","只",5,null,null,108,540]
[86,"焚烧","热继电器","施耐德/ABB/西门子","LRD21C","个",5,null,null,120,600]
[87,"公用","热继电器","施耐德/ABB/西门子","LRD32C","个",5,null,null,96,480]
[88,"公用","热继电器","施耐德/ABB/西门子","LRD4365","个",5,null,null,360,1800]
[89,"焚烧","电机保护器","施耐德/ABB/西门子","LT4760M7A","个",5,null,null,480,2400]
[90,"医废","塑壳断路器","施耐德/ABB/西门子","NSC100B","个",5,null,null,264,1320]
[91,"物化","塑壳断路器","施耐德/ABB/西门子","NSX 100F 100A","个",5,null,null,540,2700]
[92,"公用","塑壳断路器","施耐德/ABB/西门子","NSX 100N","个",5,null,null,660,3300]
[93,"公用","塑壳断路器","施耐德/ABB/西门子","NSX 160N","个",5,null,null,864,4320]
[94,"公用","塑壳断路器","施耐德/ABB/西门子","NSX 250N","个",5,null,null,1440,7200]
[95,"公用","塑壳断路器","施耐德/ABB/西门子","NSX 400N","个",5,null,null,2400,12000]
[96,"废气","塑壳断路器","施耐德/ABB/西门子","NSX400-630 F/N/H/NA","个",5,null,null,2520,12600]
[97,"焚烧","时间继电器","施耐德/ABB/西门子","REXL2TMP7","个",5,null,null,108,540]
[98,"物化","中间继电器","施耐德/ABB/西门子","RXM 230VAC","个",10,null,null,30,300]
[99,"公用","中间继电器","施耐德/ABB/西门子","RXM 230VAC","个",10,null,null,36,360]
[100,"焚烧","中间继电器","施耐德/ABB/西门子","RXM 2AB2BD  DC24V","个",10,null,null,36,360]
[101,"蒸发","中间继电器","施耐德/ABB/西门子","RXM4CB2B D+RXZE1M 4C DC24V,4CO ","盒",10,null,null,180,1800]
[102,"公用","电压传感器","施耐德/ABB/西门子","WPFPM-3UU2BD","个",5,null,null,2520,12600]
[103,"蒸发","按钮","施耐德/ABB/西门子","XA2-EA31","个",20,null,null,36,720]
[104,"蒸发","按钮","施耐德/ABB/西门子","XA2-EA41","个",20,null,null,36,720]
[105,"焚烧","选择开关","施耐德/ABB/西门子","XA2EJ33+ZA2EE102","只",10,null,null,36,360]
[106,"蒸发","急停按钮","施耐德/ABB/西门子","XA2ES542 急停按钮Ф40,1NC,红,旋转复位","个",10,null,null,48,480]
[107,"公用","转换开关","施耐德/ABB/西门子","XB2B","个",10,null,null,120,1200,"高压柜 "]
[108,"公用","按钮","施耐德/ABB/西门子","XB2BA","个",10,null,null,48,480,"高压柜 "]
[109,"物化","转换开关 ","施耐德/ABB/西门子","XB2BD21C","套",10,null,null,30,300]
[110,"公用","指示灯","施耐德/ABB/西门子","XB2BV","个",10,null,null,36,360,"高压柜 "]
[111,"物化","指示灯 ","施耐德/ABB/西门子","XB2BVB4LC","个",10,null,null,18,180]
[112,"医废","限位开关","施耐德/ABB/西门子","XCE145C","个",5,null,null,144,720]
[113,"焚烧","接近传感器","施耐德/ABB/西门子","XS618B1MAL2                    24-240V AC/DC","个",5,null,null,360,1800]
[114,"公用","接近传感器","施耐德/ABB/西门子","XS618B1MAL2                    24-240V AC/DC","个",10,null,null,360,3600]
[115,"焚烧","接近传感器","施耐德/ABB/西门子","XS618B1MAL2  8MM  014728    24-240V AC/DC","只",5,null,null,360,1800]
[116,"公用","接近传感器","施耐德/ABB/西门子","XS618B4MBL2","个",10,null,null,480,4800]
[117,"公用","接近传感器","施耐德/ABB/西门子","XS630B4MBL2","个",10,null,null,240,2400]
[118,"公用","电感式接近开关（圆形）","施耐德/ABB/西门子","XS630B4MBL2","个",10,null,null,360,3600]
[119,"医废","对射光电开关","施耐德/ABB/西门子","XUM 2APSBL2","个",5,null,null,276,1380]
[120,"医废","镜反射光电开关","施耐德/ABB/西门子","XUM 9APSBL2,含反射板XUZ C50","个",5,null,null,240,1200]
[121,"公用"," 触点模块，1NO","施耐德/ABB/西门子","ZA2EE101","个",50,null,null,6,300]
[122,"焚烧","旋钮","施耐德/ABB/西门子","ZA2EE101 黑色","个",10,null,null,36,360]
[123,"公用"," 触点模块，1NC","施耐德/ABB/西门子","ZA2EE102","个",50,null,null,6,300]
[124,"焚烧","按钮","施耐德/ABB/西门子","ZA2EE102 红色","个",10,null,null,36,360]
[125,"焚烧","按钮","施耐德/ABB/西门子","ZA2EE102 绿色","个",10,null,null,36,360]
[126,"物化","辅助触点 ","施耐德/ABB/西门子","ZB2BE101C","个",10,null,null,18,180]
[127,"公用","长柄旋钮选择开关头","施耐德/ABB/西门子","ZB2-BJ3C ","个",50,null,null,32.4,1620]
[128,"医废","接近开关","奥托尼克斯/施耐德/ABB","PR30-15DP","个",5,null,null,180,900]
[129,"焚烧","轴承","SKF/NSK/FAG/NTN",6204,"个",5,null,null,30,{"$f":"G131*J131","v":150}]
[130,"焚烧","轴承","SKF/NSK/FAG/NTN",6209,"个",5,null,null,120,600]
[131,"焚烧","轴承","SKF/NSK/FAG/NTN",6309,"个",5,null,null,180,900]
[132,"焚烧","轴承","SKF/NSK/FAG/NTN",6312,"个",5,null,null,660,3300]
[133,"焚烧","轴承","SKF/NSK/FAG/NTN","6202-2Z/C3","个",5,null,null,30,150]
[134,"焚烧","轴承","SKF/NSK/FAG/NTN","6203-2RS  ","个",5,null,null,72,360]
[135,"焚烧","轴承","SKF/NSK/FAG/NTN","6204-2Z","个",5,null,null,84,420]
[136,"焚烧","轴承","SKF/NSK/FAG/NTN","6205-2Z ","个",5,null,null,180,900]
[137,"焚烧","轴承","SKF/NSK/FAG/NTN","6205-2Z ","个",5,null,null,84,420]
[138,"焚烧","轴承","SKF/NSK/FAG/NTN","6206-2Z    ","个",5,null,null,180,900]
[139,"焚烧","轴承","SKF/NSK/FAG/NTN","6306-2R ","个",5,null,null,384,1920]
[140,"焚烧","轴承","SKF/NSK/FAG/NTN","6306-2RZ/C3","个",5,null,null,180,900]
[141,"焚烧","轴承","SKF/NSK/FAG/NTN","6308-2R  ","个",5,null,null,96,480]
[142,"焚烧","轴承","SKF/NSK/FAG/NTN","6308-2RZ/C3","个",5,null,null,180,900]
[143,"焚烧","轴承","SKF/NSK/FAG/NTN","6309/C3","个",5,null,null,180,900]
[144,"焚烧","轴承","SKF/NSK/FAG/NTN","6309/Z2  ","个",5,null,null,180,900]
[145,"焚烧","轴承","SKF/NSK/FAG/NTN","6313ZZ ","个",5,null,null,420,2100]
[146,"焚烧","防爆行程开关","正泰/德力西/人民电气/天正","BZX51-D 220/380V","个",5,null,null,120,600]
[147,"公用","机械限位开关","正泰/德力西/人民电气/天正","LX19-111","个",5,null,null,156,780]
[148,"废气","熔丝","正泰/德力西/人民电气/天正","RT18-32 AC500V 32A","个",50,null,null,2.4,120]
[149,"焚烧","断相与相序保护器","正泰/德力西/人民电气/天正","XJ3-D","个",2,null,null,156,312]
[150,"焚烧","数显表","杭州万禾/飞禹/秦安华电","HEC861","台",2,null,null,120,240]
[151,"废气","开关电源","明纬/欧姆龙/伊莱科","DRP-240-24","个",5,null,null,240,1200]
[152,"物化","开关电源","明纬/欧姆龙/伊莱科","EDR-120-24","个",5,null,null,180,900]
[153,"焚烧","开关电源","明纬/欧姆龙/伊莱科","EDR-150-24","只",5,null,null,216,1080]
[154,"公用","电源模块","明纬/欧姆龙/伊莱科","LRS-150-24","块",5,null,null,120,600]
[155,"物化","开关电源","明纬/欧姆龙/伊莱科","LRS-35-24","个",5,null,null,72,360]
[156,"公用","开关电源","明纬/欧姆龙/伊莱科","LRS-50-24","只",5,null,null,120,600]
[157,"医废","开关电源","明纬/欧姆龙/伊莱科","S8FS-35024J","个",10,null,null,360,3600]
[158,"蒸发","数显表","天康/飞禹/万禾","TKXC701U 1AI+1AO,LCD","个",5,null,null,600,3000]
[159,"蒸发","浪涌保护器","雷宇/正泰/德力西/天正","ALU3-C","套",3,null,null,120,360]
[160,"物化","辅助触头","正泰/德力西/人民电气/天正","F1-11","个",10,null,null,18,180]
[161,"物化","微型断路器","正泰/德力西/人民电气/天正","TGB1N-63 C3 1P","个",12,null,null,24,288]
[162,"物化","微型断路器","正泰/德力西/人民电气/天正","TGB1N-63 C3 2P","个",6,null,null,30,180]
[163,"物化","微型断路器","正泰/德力西/人民电气/天正","TGB1N-63 D25 3P","个",5,null,null,42,210]
[164,"物化","接触器","正泰/德力西/人民电气/天正","TGC1-0910","个",10,null,null,60,600]
[165,"物化","中间继电器","正泰/德力西/人民电气/天正","TGJC1-54Z DC24V","个",5,null,null,24,120]
[166,"物化","热继电器","正泰/德力西/人民电气/天正","TGR1-18","个",10,null,null,54,540]
[167,"物化","时间继电器","正泰/德力西/人民电气/天正","DH48S-S","个",2,null,null,120,240]
[168,"物化","时间继电器","正泰/德力西/人民电气/天正","DH48S-S 220V","个",2,null,null,108,216]
[169,"物化","中间继电器","正泰/德力西/人民电气/天正","HHC68B-4Z","个",4,null,null,30,120]
[170,"物化","时间继电器","正泰/德力西/人民电气/天正","HHS13 220V","个",2,null,null,60,120]
[171,"物化","时间继电器","正泰/德力西/人民电气/天正","HHS5F(ST3PF)","个",2,null,null,66,132]
[172,"物化","时间继电器","正泰/德力西/人民电气/天正","HHS5F(ST3PF) 220V","个",2,null,null,60,120]
[173,"物化","行程开关","正泰/德力西/人民电气/天正","ME-8112","个",2,null,null,48,96]
[174,"蒸发","微型断路器","正泰/德力西/人民电气/天正","DZ47-60 C5 1P","个",12,null,null,30,360]
[175,"蒸发","微型断路器","正泰/德力西/人民电气/天正","DZ47-60 C5 3P","个",12,null,null,30,360]
[176,"蒸发","微型断路器","正泰/德力西/人民电气/天正","DZ47-60 D10 3P","个",12,null,null,30,360]
[177,"公用","时间继电器","正泰/德力西/人民电气/天正","JS14A-/00","个",5,null,null,42,210]
[178,"公用","中间继电器","正泰/德力西/人民电气/天正","JZX-22F/4Z 220VAC 3A","个",10,null,null,9.6,96]
[179,"蒸发","接触器","正泰/德力西/人民电气/天正","NC-18010Z 24V","个",5,null,null,108,540]
[180,"蒸发","中间继电器","正泰/德力西/人民电气/天正","NFX-13FW(D)/2Z 24VDC 10A","个",10,null,null,18,180]
[181,"蒸发","中间继电器","正泰/德力西/人民电气/天正","NFX-13FW(D)/4ZS 24VDC 3A","个",10,null,null,18,180]
[182,"蒸发","塑壳断路器","正泰/德力西/人民电气/天正","NM1-63S-3300","个",5,null,null,150,750]
[183,"蒸发","热继电器","正泰/德力西/人民电气/天正","NSZ-25 9-14A","个",5,null,null,96,480]
[184,"物化","微型断路器","正泰/德力西/人民电气/天正","NXB-63 C10 2P","个",12,null,null,24,288]
[185,"物化","微型断路器","正泰/德力西/人民电气/天正","NXB-63 D16 3P","个",12,null,null,30,{"$f":"G187*J187","v":360}]
[186,"物化","接触器","正泰/德力西/人民电气/天正","NXC-09","个",5,null,null,60,300]
[187,"物化","热继电器","正泰/德力西/人民电气/天正","NXR-25","个",5,null,null,36,180]
[188,"焚烧","保险管","正泰/德力西/人民电气/天正","RT18-32X/2A","盒",10,null,null,24,240]
[189,"公用","熔丝","正泰/德力西/人民电气/天正","RT28N-32 32A","个",50,null,null,1.2,60]
[190,"物化","辅助触头","正泰/德力西/人民电气/天正","RX-3X/11","个",5,null,null,24,120]
[191,"公用","电力测量仪","珠海派诺/杭州万禾/飞禹","SPM32","台",2,null,null,600,1200]
[192,"焚烧","电流表","安科瑞/杭州万禾/飞禹","PZ72-AI/M","只",5,null,null,720,3600]
[193,"焚烧","电压表","安科瑞/杭州万禾/飞禹","PZ72-AV/M","只",5,null,null,720,3600]
[194,"蒸发","风扇",null,"FP-108E 220V","台",5,null,null,120,600]
[195,"焚烧","单芯电线","国标线","BVR  2.5平方","卷",10,null,null,360,{"$f":"G197*J197","v":3600},"黄  "]
[196,"焚烧","单芯电线","国标线","BVR  2.5平方","卷",10,null,null,360,3600,"绿 "]
[197,"焚烧","单芯电线","国标线","BVR  2.5平方","卷",10,null,null,360,3600,"红 "]
[198,"焚烧","单芯电线","国标线","BVR  2.5平方","卷",10,null,null,360,3600,"蓝  "]
[199,"焚烧","单芯电线","国标线","BVR  2.5平方","卷",10,null,null,360,3600,"双色  "]
[200,"焚烧","单芯电线","国标线","BVR软线  4平方","卷",10,null,null,540,5400,"黄  "]
[201,"焚烧","单芯电线","国标线","BVR软线  4平方","卷",10,null,null,540,5400,"绿  "]
[202,"焚烧","单芯电线","国标线","BVR软线  4平方","卷",10,null,null,540,5400,"红  "]
[203,"焚烧","单芯电线","国标线","BVR软线  4平方","卷",10,null,null,540,5400,"蓝  "]
[204,"焚烧","单芯电线","国标线","BVR软线  4平方","卷",10,null,null,540,5400,"双色  "]
[205,"焚烧","护套线","国标线","RVV 2*2.5平方","卷",10,null,null,1020,10200,"白  "]
[206,"焚烧","护套线","国标线","RVV 3*1.5平方 ","卷",5,null,null,936,4680,"白  "]
[207,"焚烧","护套线","国标线","RVV 3*4平方","卷",10,null,null,1560,15600,"白  "]
[208,"焚烧","护套线","国标线","RVV  4芯(3+1)2.5平方","卷",10,null,null,1680,16800,"黑  "]
[209,"焚烧","护套线","国标线","RVV 4芯(3+1)4平方","卷",10,null,null,1920,19200,"黑  "]
[]
[{"$nulls":5},"合计",{"$nulls":3},{"$f":"SUM(K3:K211)","v":404886}]